Statistics for Tennis Grand Slam: Tournaments and Records on Wins

Click here to take the quiz!

General Stats

  • This quiz has been taken 144 times
  • The average score is 33 of 42

Answer Stats

ANSWER % Correct
United States
100%
Australia
100%
Australian Open
99%
Wimbledon
99%
United Kingdom
98%
France
97%
Grass
95%
Melbourne
94%
New York
94%
Paris
93%
Roger Federer (5)
92%
Roger Federer (7)
92%
Roger Federer (5)
92%
Roger Federer (5)
92%
Roland Garros
92%
London
92%
Rafael Nadal (9)
90%
Rafael Nadal (5)
90%
Clay
89%
Hard (DecoTurf)
86%
Serena Williams (6)
86%
Hard (Plexicushion)
86%
Serena Williams (6)
86%
Pete Sampras (5)
84%
Pete Sampras (7)
84%
Novak Djokovic (6)
80%
Steffi Graf (3)
80%
Novak Djokovic (3)
80%
Martina Navratilova (9)
75%
Martina Navratilova (6)
75%
Björn Borg (5)
74%
Jimmy Connors (5)
59%
Chris Evert (6)
59%
Chris Evert (7)
59%
Chris Evert (4)
59%
Martina Hingis (3)
54%
Monica Seles (3)
53%
Monica Seles (3)
53%
Margaret Court (3)
49%
Justine Henin (3)
43%
Flushing Meadows
42%
Evonne Goolagong Cawley (3)
28%

Score Distribution

Percentile by Number Answered

Percent of People with Each Score

Your Score History

You have not taken this quiz